=LDR 00000nam 2200000 4500 =001 INLIS000000000035458 =005 20130612141318 =008 ***********************************ind** =035 ##$$0010-061300000035458 =041 ##$$a ind =082 ##$$a 813 =090 ##$$a 813, kin r =100 ##$$a Kinsella, Sophie =245 ##$$a Remember me? Ingat aku, Sophie kesella; alih bahasa, yasmine hadibroto =260 ##$$a 2009 $b Jakarta =300 ##$$a 423 hlm, 18 cm =650 ##$$a Fiksi Indonesia =700 ##$$a Hadibroto, Yasmine =850 ##$$a NBPNMAT =990 ##$$a 92829282 =990 ##$$a 01201709282 =990 ##$$a 21101529